000 00475nam a2200157 i 4500
001 31924
003 ES-MaACL
005 20230906154457.0
007 t|
008 030130s1907 fr ||||1| fre d
100 1 _aBerge, Vicent.
_927944
245 1 3 _aLa uraie morale basé sur letude de la nature sur les lois de la vie /
_cVicent Berge.
260 _a[S.l. :
_bs.n.,
_c1907] (
_eBuzançais :
_fF. Deverdum)
300 _aXII, 220 p. ;
_c18 cm.
852 _aES-MaACL
_jD-2593
999 _c31924
_d31924